[Event "Romanian League"]
[Site "?"]
[Date "2012.09.27"]
[Round "6"]
[White "Volokitin, Andrei"]
[Black "Murariu, Andrei"]
[Result "1/2-1/2"]
[WhiteElo "2718"]
[BlackElo "2526"]
[PlyCount "134"]
[EventDate "2012.??.??"]

1. e4 d6 2. d4 Nf6 3. Nc3 e5 4. Nf3 Nbd7 5. Bc4 Be7 6. O-O O-O 7. a4 c6 8. Re1
a5 9. h3 Nb6 10. Ba2 Nfd7 11. Be3 exd4 12. Bxd4 Nc5 13. Bxc5 dxc5 14. Qe2 Qd6
15. Qe3 Qg6 16. Ne2 Qf6 17. e5 Qf5 18. c4 Re8 19. b3 Nd7 20. Bb1 Qe6 21. Ng3 g6
22. Ra2 Bf8 23. Ne4 h6 24. Rd2 b6 25. Qc3 Bg7 26. Nf6+ Bxf6 27. exf6 Qxe1+ 28.
Nxe1 Rxe1+ 29. Kh2 Rxb1 30. Rd6 Nf8 31. Qd2 g5 32. h4 Bf5 33. hxg5 Bg6 34. Qe3
h5 35. f4 Rf1 36. Kg3 Bf5 37. Qe2 Rh1 38. Qe5 Bd7 39. Qe7 Bf5 40. Rd8 Rxd8 41.
Qxd8 h4+ 42. Kf2 Rc1 43. Qe8 Rc2+ 44. Kg1 Rc1+ 45. Kh2 Rf1 46. Qe5 Bg6 47. g4
hxg3+ 48. Kg2 Bd3 49. Qb8 Rb1 50. Qxb6 Bc2 51. Qxc6 Rxb3 52. Qe8 Ra3 53. Qe2
Ne6 54. Qe5 Bxa4 55. Qb8+ Kh7 56. Qb1+ Kg8 57. Qb8+ Nf8 58. Qa8 Bc2 59. Qe8 a4
60. Qe5 Ne6 61. g6 Bxg6 62. f5 Bxf5 63. Qxf5 Rb3 64. Qg4+ Kf8 65. Qe4 Kg8 66.
Qg4+ Kf8 67. Qe4 Kg8 1/2-1/2

[Event "Romanian League"]
[Site "?"]
[Date "2012.09.29"]
[Round "8"]
[White "Volokitin, Andrei"]
[Black "Nisipeanu, Liviu-Dieter"]
[Result "1/2-1/2"]
[WhiteElo "2718"]
[BlackElo "2648"]
[PlyCount "32"]
[EventDate "2012.??.??"]

1. e4 e6 2. d4 d5 3. Nc3 Bb4 4. e5 c5 5. a3 Bxc3+ 6. bxc3 Ne7 7. Qg4 Qc7 8.
Qxg7 Rg8 9. Qxh7 cxd4 10. Ne2 Nbc6 11. f4 dxc3 12. h4 Bd7 13. h5 O-O-O 14. Qd3
Nf5 15. Qxc3 d4 16. Qc4 f6 1/2-1/2

[Event "Croatian League"]
[Site "Sibenik"]
[Date "2012.09.23"]
[Round "1"]
[White "Avrukh, Boris"]
[Black "Naiditsch, Arkadij"]
[Result "0-1"]
[WhiteElo "2596"]
[BlackElo "2712"]
[PlyCount "74"]
[EventDate "2012.09.23"]
[EventType "tourn"]
[EventRounds "9"]
[EventCountry "CRO"]
[Source "crochess.com"]
[SourceDate "2012.09.30"]

1. d4 Nf6 2. c4 e6 3. g3 d5 4. Bg2 dxc4 5. Nf3 a6 6. Ne5 Bb4+ 7. Nc3 Nd5 8. O-O
Nxc3 9. bxc3 Bxc3 10. Rb1 Qxd4 11. Qa4+ b5 12. Qa3 Qxe5 13. Bf4 Qf6 14. Bxc7 b4
15. Qa5 O-O 16. Bxa8 e5 17. Qd5 Be6 18. Qd6 Bf5 19. Rbc1 Bg4 20. Rc2 Qf5 21.
Rfc1 Bd4 22. e3 b3 23. axb3 cxb3 24. exd4 bxc2 25. dxe5 Be2 26. Qc5 Bd3 27. Bd5
Nd7 28. Qe7 Qg4 29. Bb3 Qf3 30. Bxc2 Bxc2 31. Rxc2 Qd1+ 32. Kg2 Qxc2 33. Qxd7
Qe4+ 34. Kh3 Qf3 35. Qd4 h5 36. Qb6 Ra8 37. Bd6 a5 0-1

[Event "Croatian League"]
[Site "Sibenik"]
[Date "2012.09.23"]
[Round "1"]
[White "Navara, David"]
[Black "Grachev, Boris"]
[Result "1/2-1/2"]
[WhiteElo "2691"]
[BlackElo "2672"]
[PlyCount "34"]
[EventDate "2012.09.23"]
[EventType "tourn"]
[EventRounds "9"]
[EventCountry "CRO"]
[Source "crochess.com"]
[SourceDate "2012.09.30"]

1. c4 e6 2. d4 d5 3. Nc3 Nf6 4. Bg5 c6 5. cxd5 exd5 6. e3 Bf5 7. Qf3 Bg6 8.
Bxf6 Qxf6 9. Qxf6 gxf6 10. Nf3 Nd7 11. Nh4 Be7 12. g3 Nb6 13. O-O-O Nc8 14. Bd3
Nd6 15. Nxg6 hxg6 16. e4 dxe4 17. Nxe4 Nxe4 1/2-1/2

[Event "Croatian League"]
[Site "Sibenik"]
[Date "2012.09.24"]
[Round "2"]
[White "Naiditsch, Arkadij"]
[Black "Grachev, Boris"]
[Result "1/2-1/2"]
[WhiteElo "2712"]
[BlackElo "2672"]
[PlyCount "85"]
[EventDate "2012.09.23"]
[EventType "tourn"]
[EventRounds "9"]
[EventCountry "CRO"]
[Source "crochess.com"]
[SourceDate "2012.09.30"]

1. c4 c6 2. e4 d5 3. exd5 cxd5 4. d4 Nf6 5. Nc3 Nc6 6. Bg5 Ne4 7. Nxe4 dxe4 8.
d5 Ne5 9. Qb3 f6 10. Be3 Qa5+ 11. Bd2 Qc7 12. f3 exf3 13. Nxf3 Nxf3+ 14. Qxf3
Qe5+ 15. Be2 Qxb2 16. Bc3 Qb6 17. Bd3 e5 18. dxe6 Qxe6+ 19. Kd2 Qg4 20. Qd5 Be6
21. Qxb7 Rd8 22. Rhe1 Be7 23. Qe4 Qxe4 24. Rxe4 Kf7 25. Rae1 Rxd3+ 26. Kxd3 Bf5
27. Bd4 Bb4 28. Rf1 Bxe4+ 29. Kxe4 Re8+ 30. Kd3 Rd8 31. Rf5 a6 32. c5 Ke6 33.
g4 h5 34. h3 hxg4 35. hxg4 Ba5 36. Rf3 Kd5 37. g5 Rf8 38. Rf5+ Ke6 39. Rf3 Kd5
40. Rf1 Bc7 41. Rf5+ Ke6 42. Ke4 Bd8 43. gxf6 1/2-1/2

[Event "Croatian League"]
[Site "Sibenik"]
[Date "2012.09.24"]
[Round "2"]
[White "Lalic, Bogdan"]
[Black "Navara, David"]
[Result "1/2-1/2"]
[WhiteElo "2475"]
[BlackElo "2691"]
[PlyCount "73"]
[EventDate "2012.09.23"]
[EventType "tourn"]
[EventRounds "9"]
[EventCountry "CRO"]
[Source "crochess.com"]
[SourceDate "2012.09.30"]

1. Nf3 d5 2. d4 Nf6 3. c4 c6 4. Nc3 e6 5. e3 a6 6. b3 Bb4 7. Bd2 Bd6 8. Bd3 c5
9. cxd5 exd5 10. dxc5 Bxc5 11. O-O Nc6 12. e4 d4 13. Nd5 h6 14. Qc1 Bd6 15. Re1
Be6 16. Bf4 Nh5 17. Bxd6 Qxd6 18. Qb2 O-O 19. Rab1 Bxd5 20. exd5 Nf4 21. Be4 f5
22. dxc6 fxe4 23. Qxd4 Qg6 24. Nh4 Qg4 25. cxb7 Rad8 26. Qc4+ Kh8 27. g3 Nh3+
28. Kh1 Nxf2+ 29. Kg1 Rd2 30. Rf1 Kh7 31. Rbe1 Nh3+ 32. Kh1 Nf2+ 33. Kg1 Nh3+
34. Kh1 Rff2 35. Rxf2 Nxf2+ 36. Kg1 Nh3+ 37. Kh1 1/2-1/2

[Event "Croatian League"]
[Site "Sibenik"]
[Date "2012.09.25"]
[Round "3"]
[White "Balogh, Csaba"]
[Black "Naiditsch, Arkadij"]
[Result "1/2-1/2"]
[WhiteElo "2668"]
[BlackElo "2712"]
[PlyCount "44"]
[EventDate "2012.09.23"]
[EventType "tourn"]
[EventRounds "9"]
[EventCountry "CRO"]
[Source "crochess.com"]
[SourceDate "2012.09.30"]

1. e4 e5 2. Nf3 Nc6 3. Bb5 Nf6 4. O-O Nxe4 5. Re1 Nd6 6. Nxe5 Be7 7. Bf1 Nf5 8.
Nf3 O-O 9. d4 d5 10. c3 Bd6 11. Bd3 Nce7 12. Nbd2 Ng6 13. Nf1 Nf4 14. Bc2 Re8
15. Rxe8+ Qxe8 16. Ne5 Ng6 17. Nxg6 hxg6 18. Qf3 Be6 19. Ne3 Nxe3 20. Bxe3 Qd7
21. Bf4 Re8 22. Re1 c6 1/2-1/2

[Event "Croatian League"]
[Site "Sibenik"]
[Date "2012.09.25"]
[Round "3"]
[White "Navara, David"]
[Black "Movsesian, Sergei"]
[Result "1/2-1/2"]
[WhiteElo "2691"]
[BlackElo "2705"]
[PlyCount "46"]
[EventDate "2012.09.23"]
[EventType "tourn"]
[EventRounds "9"]
[EventCountry "CRO"]
[Source "crochess.com"]
[SourceDate "2012.09.30"]

1. e4 c5 2. Nf3 e6 3. d4 cxd4 4. Nxd4 a6 5. Bd3 Qc7 6. O-O Nf6 7. Qe2 d6 8. c4
Be7 9. b3 O-O 10. Bb2 b6 11. Nc3 Nbd7 12. Rae1 Bb7 13. f4 Rad8 14. f5 Nc5 15.
fxe6 fxe6 16. Bc2 e5 17. Nf5 g6 18. Nxe7+ Qxe7 19. Nd5 Nxd5 20. exd5 a5 21. a3
b5 22. cxb5 Bxd5 23. Qd2 Qe6 1/2-1/2

[Event "Croatian League"]
[Site "Sibenik"]
[Date "2012.09.26"]
[Round "4"]
[White "Naiditsch, Arkadij"]
[Black "Cvorovic, Drazen"]
[Result "1-0"]
[WhiteElo "2712"]
[BlackElo "2443"]
[PlyCount "69"]
[EventDate "2012.09.23"]
[EventType "tourn"]
[EventRounds "9"]
[EventCountry "CRO"]
[Source "crochess.com"]
[SourceDate "2012.09.30"]

1. e4 c6 2. d4 d5 3. e5 Bf5 4. Nd2 e6 5. Nb3 Nh6 6. Be2 Qh4 7. c3 a5 8. Nf3 Qe4
9. O-O a4 10. Bxh6 gxh6 11. Nbd2 Qf4 12. g3 Rg8 13. Ne1 Be7 14. Ng2 Qg5 15. f4
Qg7 16. Ne3 Bh3 17. Rf2 Nd7 18. Bd3 Nf8 19. Qh5 Bg4 20. Nxg4 Qxg4 21. Qxh6 Kd7
22. Nf1 Qg7 23. Qxg7 Rxg7 24. Ne3 f5 25. exf6 Bxf6 26. Be2 c5 27. f5 cxd4 28.
fxe6+ Nxe6 29. Nxd5 Bd8 30. cxd4 Kd6 31. Nc3 Nxd4 32. Rd1 Ke5 33. Bf1 a3 34.
Rf4 axb2 35. Re1+ 1-0

[Event "Croatian League"]
[Site "Sibenik"]
[Date "2012.09.26"]
[Round "4"]
[White "Movsesian, Sergei"]
[Black "Grachev, Boris"]
[Result "1/2-1/2"]
[WhiteElo "2705"]
[BlackElo "2672"]
[PlyCount "45"]
[EventDate "2012.09.23"]
[EventType "tourn"]
[EventRounds "9"]
[EventCountry "CRO"]
[Source "crochess.com"]
[SourceDate "2012.09.30"]

1. c4 e6 2. Nf3 d5 3. g3 dxc4 4. Qa4+ Bd7 5. Qxc4 c5 6. Bg2 Bc6 7. O-O Nf6 8.
b3 Be7 9. Bb2 O-O 10. d3 Nbd7 11. Nbd2 Rc8 12. Qc2 b5 13. Rac1 Qb6 14. Qb1 Rfd8
15. Qa1 Ne8 16. Rc2 Bf6 17. Rfc1 Bxb2 18. Qxb2 Nef6 19. h3 h6 20. Ne5 Bxg2 21.
Kxg2 Rc7 22. Ndf3 Rdc8 23. Nxd7 1/2-1/2

[Event "Croatian League"]
[Site "Sibenik"]
[Date "2012.09.27"]
[Round "5"]
[White "Sax, Gyula"]
[Black "Naiditsch, Arkadij"]
[Result "0-1"]
[WhiteElo "2451"]
[BlackElo "2712"]
[PlyCount "69"]
[EventDate "2012.09.23"]
[EventType "tourn"]
[EventRounds "9"]
[EventCountry "CRO"]
[Source "crochess.com"]
[SourceDate "2012.09.30"]

1. e4 c5 2. Nf3 Nc6 3. Bb5 e6 4. O-O Nge7 5. c3 a6 6. Ba4 b5 7. Bc2 Bb7 8. Qe2
Rc8 9. a4 b4 10. d3 d6 11. Be3 g6 12. d4 bxc3 13. Nxc3 cxd4 14. Nxd4 Bg7 15.
Rfd1 O-O 16. Nxc6 Nxc6 17. Bb3 Qa5 18. Rxd6 Qb4 19. Qd1 Rfd8 20. Rxd8+ Rxd8 21.
Qc2 Nd4 22. Bxd4 Bxd4 23. Rc1 Rd6 24. Na2 Qa5 25. h3 Rb6 26. Rd1 Qe5 27. Re1
Bxb2 28. Qd3 Bd4 29. Nc1 Qc5 30. Qf3 Qb4 31. Qd1 Rd6 32. Qe2 Bb6 33. Rd1 Rxd1+
34. Bxd1 Bxe4 35. Kh1 0-1

[Event "Croatian League"]
[Site "Sibenik"]
[Date "2012.09.27"]
[Round "5"]
[White "Navara, David"]
[Black "Avrukh, Boris"]
[Result "1/2-1/2"]
[WhiteElo "2691"]
[BlackElo "2596"]
[PlyCount "195"]
[EventDate "2012.09.23"]
[EventType "tourn"]
[EventRounds "9"]
[EventCountry "CRO"]
[Source "crochess.com"]
[SourceDate "2012.09.30"]

1. e4 e5 2. Nf3 Nc6 3. Bb5 a6 4. Ba4 Nf6 5. O-O Be7 6. Re1 b5 7. Bb3 d6 8. c3
O-O 9. h3 Nb8 10. d4 Nbd7 11. Nbd2 Bb7 12. Bc2 Re8 13. Nf1 Bf8 14. Bg5 h6 15.
Bh4 Qc8 16. dxe5 dxe5 17. N3h2 a5 18. Qf3 Ra6 19. Ne3 Qa8 20. Rad1 Nc5 21. Bxf6
Rxf6 22. Nf5 b4 23. Ng4 Rfe6 24. a3 b3 25. Bxb3 Bxe4 26. Rxe4 Qxe4 27. Qxe4
Nxe4 28. Bxe6 Rxe6 29. Rd5 g6 30. Nfe3 f6 31. Rxa5 h5 32. f3 Ng3 33. Nf2 Bh6
34. Nc4 Ne2+ 35. Kh1 Bf4 36. g4 hxg4 37. hxg4 f5 38. Kg2 Kg7 39. Nd3 e4 40.
gxf5 gxf5 41. fxe4 fxe4 42. Nxf4 Nxf4+ 43. Kf2 Kf6 44. Ra8 e3+ 45. Nxe3 Nd3+
46. Kf3 Nxb2 47. Nd5+ Ke5 48. Nxc7 Rb6 49. a4 Rb3 50. Ra5+ Kd6 51. Nb5+ Kd7 52.
Ra7+ Kd8 53. Kf4 Nxa4 54. Nd4 Rxc3 55. Rxa4 Kd7 56. Ra7+ Rc7 57. Ra5 Rc1 58.
Ke5 Kc7 59. Kd5 Rh1 60. Ra7+ Kb6 61. Ra2 Rh5+ 62. Kd6 Rh6+ 63. Ne6 Kb5 64. Rc2
Kb4 65. Kd5 Rh5+ 66. Ke4 Rh4+ 67. Nf4 Kb5 68. Ke5 Rh8 69. Rc1 Re8+ 70. Kd4 Rh8
71. Rc5+ Ka6 72. Nd5 Rh4+ 73. Ke5 Rh5+ 74. Kd6 Rh6+ 75. Kd7 Rh7+ 76. Ne7 Kb6
77. Rf5 Ka6 78. Kd6 Rh6+ 79. Kc7 Rh7 80. Re5 Rf7 81. Kc6 Rf6+ 82. Kc5 Kb7 83.
Nd5 Rf7 84. Re1 Rh7 85. Rg1 Rh2 86. Rg7+ Kc8 87. Rf7 Rc2+ 88. Kd6 Rd2 89. Rh7
Rd1 90. Rh3 Kb7 91. Rb3+ Kc8 92. Rb2 Rd4 93. Rc2+ Kb7 94. Rc7+ Kb8 95. Rc5 Rh4
96. Rb5+ Ka7 97. Nc7 Rd4+ 98. Kc6 1/2-1/2

[Event "Croatian League"]
[Site "Sibenik"]
[Date "2012.09.28"]
[Round "6"]
[White "Naiditsch, Arkadij"]
[Black "Movsesian, Sergei"]
[Result "1-0"]
[WhiteElo "2712"]
[BlackElo "2705"]
[PlyCount "63"]
[EventDate "2012.09.23"]
[EventType "tourn"]
[EventRounds "9"]
[EventCountry "CRO"]
[Source "crochess.com"]
[SourceDate "2012.09.30"]

1. d4 d5 2. c4 c6 3. Nc3 Nf6 4. cxd5 cxd5 5. Bf4 Nc6 6. e3 a6 7. Bd3 e6 8. Rc1
Bd6 9. Bxd6 Qxd6 10. f4 b5 11. Nf3 Bb7 12. Ne5 O-O 13. O-O Rac8 14. a3 Ne7 15.
Qf3 Rc7 16. g4 Rfc8 17. Rcd1 b4 18. axb4 Qxb4 19. Rf2 Ne4 20. Nxe4 dxe4 21.
Bxe4 Bxe4 22. Qxe4 Rc1 23. Rdf1 Rxf1+ 24. Rxf1 Qxb2 25. f5 exf5 26. gxf5 Qb6
27. Ng4 h5 28. f6 Ng6 29. Qf5 Qb7 30. Qxh5 Rc2 31. d5 gxf6 32. Qh6 1-0

[Event "Croatian League"]
[Site "Sibenik"]
[Date "2012.09.29"]
[Round "7"]
[White "Fedorchuk, Sergey A"]
[Black "Naiditsch, Arkadij"]
[Result "1/2-1/2"]
[WhiteElo "2646"]
[BlackElo "2712"]
[PlyCount "22"]
[EventDate "2012.09.23"]
[EventType "tourn"]
[EventRounds "9"]
[EventCountry "CRO"]
[Source "crochess.com"]
[SourceDate "2012.09.30"]

1. e4 e5 2. Nf3 Nc6 3. Bb5 Nf6 4. O-O Nxe4 5. Re1 Nd6 6. Nxe5 Be7 7. Bf1 Nf5 8.
c3 Nxe5 9. Rxe5 d6 10. Re1 O-O 11. d4 d5 1/2-1/2

[Event "Croatian League"]
[Site "Sibenik"]
[Date "2012.09.29"]
[Round "7"]
[White "Navara, David"]
[Black "Sax, Gyula"]
[Result "1/2-1/2"]
[WhiteElo "2691"]
[BlackElo "2451"]
[PlyCount "97"]
[EventDate "2012.09.23"]
[EventType "tourn"]
[EventRounds "9"]
[EventCountry "CRO"]
[Source "crochess.com"]
[SourceDate "2012.09.30"]

1. d4 Nf6 2. c4 e6 3. Nf3 b6 4. g3 Ba6 5. Qb3 c6 6. Bg5 d5 7. cxd5 Qxd5 8. Nc3
Qxb3 9. axb3 Bb7 10. Bg2 Nd5 11. e4 Nb4 12. O-O Nd7 13. e5 h6 14. Be3 Be7 15.
Nd2 O-O 16. Nc4 a5 17. Rfd1 Rab8 18. Ne4 Nc2 19. Rac1 Nxe3 20. fxe3 c5 21. Ned6
Bxg2 22. Kxg2 cxd4 23. exd4 f6 24. d5 exd5 25. Nf5 Rfe8 26. Ncd6 Bxd6 27. exd6
Nc5 28. Rxd5 Rbd8 29. Ne7+ Kf7 30. Nc6 Rd7 31. Nxa5 Re2+ 32. Kh3 Ne4 33. Rc7
Ke6 34. Rxd7 Kxd7 35. Nc4 Ng5+ 36. Kh4 Rxh2+ 37. Kg4 Nf7 38. Rb5 Ne5+ 39. Nxe5+
fxe5 40. Rxb6 g6 41. Kf3 Rd2 42. Ke4 Rxd6 43. Rb5 Rd4+ 44. Kxe5 Rg4 45. Rd5+
Kc6 46. Rd3 h5 47. Rc3+ Kb5 48. Kf6 h4 49. gxh4 1/2-1/2

[Event "Croatian League"]
[Site "Sibenik"]
[Date "2012.09.29"]
[Round "7"]
[White "Movsesian, Sergei"]
[Black "Sprenger, Jan Michael"]
[Result "1-0"]
[WhiteElo "2705"]
[BlackElo "2498"]
[PlyCount "161"]
[EventDate "2012.09.23"]
[EventType "tourn"]
[EventRounds "9"]
[EventCountry "CRO"]
[Source "crochess.com"]
[SourceDate "2012.09.30"]

1. c4 e5 2. g3 Nf6 3. Bg2 Bc5 4. Nc3 O-O 5. e3 Re8 6. Nge2 d6 7. O-O c6 8. d4
Bb6 9. b3 Bg4 10. h3 Bh5 11. Qd2 Ba5 12. Qb2 Nbd7 13. b4 Bc7 14. Qb3 exd4 15.
Nxd4 c5 16. bxc5 Nxc5 17. Qa3 Bg6 18. Rd1 a6 19. Nb3 Qc8 20. Bb2 Nd3 21. Nd4
Rb8 22. Nce2 Nxb2 23. Qxb2 Ne4 24. Nf4 Nc5 25. h4 Bf5 26. Nh5 Na4 27. Qb4 Bd7
28. Nf4 Bb6 29. Nd5 Bc5 30. Qb3 Qd8 31. Rab1 Ba7 32. Qc2 Nc5 33. Rd2 Qc8 34.
Rc1 Ba4 35. Qb1 Bd7 36. Nb6 Bxb6 37. Qxb6 Bh3 38. Bh1 Rd8 39. Ne2 Na4 40. Qa5
Nc5 41. Nf4 Be6 42. Rd4 Rd7 43. Rcd1 Bg4 44. Rb1 Qd8 45. Qc3 Be6 46. Nh5 Qf8
47. Rbd1 Rbd8 48. R1d2 Na4 49. Qb4 Nc5 50. Bf3 Qe7 51. Qb2 Qf8 52. Kh2 Na4 53.
Qa1 Nc5 54. Rf4 f6 55. Rfd4 Bf7 56. Nf4 Qe7 57. Qb2 Rb8 58. Qb6 Qd8 59. Qb1 Qe7
60. h5 Qe5 61. Bg4 Rdd8 62. Bf5 h6 63. Bh7+ Kf8 64. Bg6 Bg8 65. Qb6 Na4 66. Qb4
Nc5 67. Nd3 Nxd3 68. R2xd3 Qe7 69. Rxd6 Rxd6 70. Rxd6 Be6 71. c5 Rc8 72. Qd4
Rb8 73. a4 Rc8 74. a5 Rb8 75. Be4 Qe8 76. Kg1 Bf7 77. Rd7 Bxh5 78. Bxb7 Bf7 79.
c6 Be6 80. Qd6+ Kg8 81. Re7 1-0

[Event "Croatian League"]
[Site "Sibenik"]
[Date "2012.09.30"]
[Round "8"]
[White "Naiditsch, Arkadij"]
[Black "Sprenger, Jan Michael"]
[Result "1/2-1/2"]
[WhiteElo "2712"]
[BlackElo "2498"]
[PlyCount "139"]
[EventDate "2012.09.23"]
[EventType "tourn"]
[EventRounds "9"]
[EventCountry "CRO"]
[Source "crochess.com"]
[SourceDate "2012.09.30"]

1. c4 e5 2. g3 Nc6 3. Bg2 Nf6 4. Nc3 Bc5 5. d3 O-O 6. Nf3 d6 7. a3 a6 8. Bg5 h6
9. Bxf6 Qxf6 10. Ne4 Qe7 11. Nxc5 dxc5 12. O-O Nd4 13. Nxd4 exd4 14. Qd2 a5 15.
Rae1 Qd6 16. f4 c6 17. f5 f6 18. g4 Bd7 19. Be4 a4 20. Kg2 Rae8 21. Qf4 Qxf4
22. Rxf4 Re5 23. Rff1 b5 24. Rc1 Kf7 25. Kf3 Ke7 26. e3 Kd6 27. Rf2 dxe3 28.
Kxe3 Rb8 29. Kf4 b4 30. Ra1 Ree8 31. axb4 Rxb4 32. h4 Reb8 33. Ra2 Rh8 34. Bf3
Re8 35. Re2 Rh8 36. Rh2 Re8 37. Be4 Rh8 38. Rg2 Ke7 39. Bf3 Kd6 40. Bd1 Rhb8
41. Bxa4 Ra8 42. Bb3 Rxa2 43. Bxa2 Ra4 44. b3 Ra8 45. Rd2 Kc7 46. Bb1 Ra1 47.
Rb2 Ra8 48. Re2 Re8 49. Rxe8 Bxe8 50. Ke4 Kd6 51. Bc2 Bd7 52. Bd1 Be8 53. d4
cxd4 54. Kxd4 c5+ 55. Kc3 Bc6 56. b4 cxb4+ 57. Kxb4 Be4 58. Kb5 Bd3 59. Bf3 Ke5
60. Kb4 Kf4 61. Bd1 h5 62. gxh5 Kxf5 63. c5 Be4 64. Kb5 Ke5 65. Kb6 f5 66. c6
Bxc6 67. Kxc6 Kf6 68. Bb3 g5 69. hxg5+ Kxg5 70. Bd1 1/2-1/2

[Event "Croatian League"]
[Site "Sibenik"]
[Date "2012.09.30"]
[Round "8"]
[White "Avrukh, Boris"]
[Black "Movsesian, Sergei"]
[Result "1/2-1/2"]
[WhiteElo "2596"]
[BlackElo "2705"]
[PlyCount "62"]
[EventDate "2012.09.23"]
[EventType "tourn"]
[EventRounds "9"]
[EventCountry "CRO"]
[Source "crochess.com"]
[SourceDate "2012.09.30"]

1. d4 d5 2. c4 c6 3. Nf3 Nf6 4. Qb3 e6 5. Bg5 Nbd7 6. e3 Qa5+ 7. Nc3 Ne4 8. h4
Bd6 9. Bf4 Bxf4 10. exf4 O-O 11. Bd3 dxc4 12. Bxc4 Nxc3 13. bxc3 Qf5 14. g3
Qe4+ 15. Be2 b6 16. Qb1 Qxb1+ 17. Rxb1 Bb7 18. Ne5 Nxe5 19. dxe5 Rad8 20. Rb2
Rd5 21. f3 Rfd8 22. Kf2 Kf8 23. Ke3 Ke7 24. Rc1 h6 25. c4 Ra5 26. c5 b5 27. Rc3
Ra4 28. Bd3 a5 29. Be4 Rad4 30. Ra3 a4 31. Rd3 Rc4 1/2-1/2

[Event "Croatian League"]
[Site "Sibenik"]
[Date "2012.10.01"]
[Round "9"]
[White "Movsesian, Sergei"]
[Black "Balogh, Csaba"]
[Result "1/2-1/2"]
[WhiteElo "2705"]
[BlackElo "2668"]
[PlyCount "41"]
[EventDate "2012.09.23"]
[EventType "tourn"]
[EventRounds "9"]
[EventCountry "CRO"]
[Source "crochess.com"]
[SourceDate "2012.09.30"]

1. e4 e5 2. Nf3 Nc6 3. Bb5 Nf6 4. d3 Bc5 5. O-O Nd4 6. Nxd4 Bxd4 7. Nd2 c6 8.
Ba4 d6 9. c3 Bb6 10. Bb3 h6 11. Nc4 Bc7 12. Ne3 Be6 13. Qf3 Bxb3 14. axb3 g6
15. d4 Kf8 16. dxe5 dxe5 17. Rd1 Qe7 18. Ng4 Nxg4 19. Qxg4 h5 20. Qh3 Rd8 21.
Be3 1/2-1/2

[Event "Grand Slam Masters Final 2012"]
[Site "Bilbao ESP"]
[Date "2012.09.24"]
[Round "1"]
[White "Aronian, L."]
[Black "Karjakin, Sergey"]
[Result "1-0"]
[WhiteElo "2816"]
[BlackElo "2778"]
[PlyCount "59"]
[EventDate "2012.09.24"]

1. d4 Nf6 2. c4 e6 3. Nf3 b6 4. g3 Ba6 5. b3 Bb4+ 6. Bd2 Be7 7. Nc3 O-O 8. Bg2
c6 9. e4 d5 10. exd5 cxd5 11. Ne5 Nfd7 12. O-O Nxe5 13. dxe5 Nd7 14. Re1 dxc4
15. Bxa8 Qxa8 16. Bh6 Rd8 17. Qg4 Bf8 18. Rad1 Nc5 19. bxc4 Bb7 20. Rxd8 Qxd8
21. Rd1 Qc7 22. Bf4 Qc6 23. f3 Nd7 24. Ne4 Qa4 25. Rxd7 Bxe4 26. Rd8 Bg6 27.
Bg5 Qa3 28. Qd4 h6 29. Qd6 Kh7 30. Qxf8 1-0

[Event "Grand Slam Masters Final 2012"]
[Site "Bilbao ESP"]
[Date "2012.09.24"]
[Round "1"]
[White "Anand, V."]
[Black "Vallejo Pons, F."]
[Result "1/2-1/2"]
[WhiteElo "2780"]
[BlackElo "2697"]
[PlyCount "117"]
[EventDate "2012.09.24"]

1. d4 d5 2. c4 e6 3. Nc3 Bb4 4. Nf3 Nf6 5. cxd5 exd5 6. Bg5 h6 7. Bh4 g5 8. Bg3
Ne4 9. Nd2 Nxg3 10. hxg3 c6 11. e3 Bf5 12. Qb3 Qb6 13. Be2 Nd7 14. a3 Be7 15.
Qa2 a5 16. Nf3 h5 17. Rc1 h4 18. Na4 Qa7 19. Qb3 Be6 20. Bd3 O-O-O 21. gxh4 g4
22. Nd2 Bxh4 23. g3 Be7 24. Ke2 Rh3 25. Qc3 Rdh8 26. Rhf1 Bd6 27. Nb3 Bc7 28.
Nbc5 Rh2 29. Kd1 Bd6 30. b4 axb4 31. axb4 Nxc5 32. Nxc5 Bxc5 33. bxc5 Rh1 34.
Ra1 Qb8 35. Kc2 Rxf1 36. Rxf1 Rh2 37. Be2 Bf5+ 38. Kd2 Kd8 39. e4 Bxe4 40. Bxg4
b6 41. cxb6 Qxb6 42. Be2 Bf5 43. g4 Be4 44. g5 Bf5 45. Ra1 Rxf2 46. Ra8+ Kd7
47. Ke3 Rh2 48. Qa3 Rh3+ 49. Bf3 Be4 50. Ra7+ Qxa7 51. Qxa7+ Ke6 52. Qc7 Rxf3+
53. Ke2 Kf5 54. Qxf7+ Kxg5 55. Qg7+ Kf5 56. Qd7+ Kg5 57. Qg7+ Kf5 58. Qd7+ Kg5
59. Qg7+ 1/2-1/2

[Event "Grand Slam Masters Final 2012"]
[Site "Internet Chess Club"]
[Date "2012.09.25"]
[Round "2"]
[White "Anand"]
[Black "Aronian"]
[Result "1/2-1/2"]
[WhiteElo "2778"]
[BlackElo "2816"]
[PlyCount "69"]
[EventDate "2012.??.??"]

1. e4 e5 2. Nf3 Nc6 3. Bb5 Nf6 4. O-O Nxe4 5. d4 Nd6 6. Bxc6 dxc6 7. dxe5 Nf5
8. Qxd8+ Kxd8 9. Rd1+ Ke8 10. Nc3 Be6 11. Ng5 Bc8 12. h3 Nh4 13. Bf4 Be7 14. e6
f6 15. Nf7 Rg8 16. Bxc7 Bxe6 17. Nd6+ Bxd6 18. Bxd6 Kf7 19. f3 Rgd8 20. Bg3 Nf5
21. Bf2 Nd6 22. b3 b6 23. Ne2 Nb7 24. c4 Rxd1+ 25. Rxd1 Rd8 26. Rxd8 Nxd8 27.
Nc3 Ke7 28. Kf1 c5 29. Ke2 Nc6 30. Kd2 Kd7 31. Bg3 Bf7 32. Nb5 Bg6 33. Nc3 Bf7
34. Nb5 Bg6 35. Nc3 1/2-1/2

[Event "Grand Slam Masters Final 2012"]
[Site "Internet Chess Club"]
[Date "2012.09.25"]
[Round "2"]
[White "Vallejo"]
[Black "Carlsen"]
[Result "0-1"]
[WhiteElo "2697"]
[BlackElo "2843"]
[PlyCount "82"]
[EventDate "2012.??.??"]

1. e4 d6 2. d4 Nf6 3. Nc3 e5 4. dxe5 dxe5 5. Qxd8+ Kxd8 6. Nf3 Bd6 7. Bg5 Be6
8. O-O-O Nbd7 9. Nb5 Ke7 10. Nxd6 cxd6 11. Bb5 Rhd8 12. Nd2 h6 13. Bh4 g5 14.
Bg3 a6 15. Bxd7 Rxd7 16. f3 Rc8 17. Kb1 Nh5 18. Nf1 f5 19. exf5 Bxf5 20. Ne3
Bg6 21. Rd2 Ke6 22. b3 b5 23. Kb2 d5 24. Re1 Nxg3 25. hxg3 h5 26. c3 d4 27.
cxd4 Rxd4 28. Rxd4 exd4 29. Nc2+ Kd5 30. Nb4+ Kd6 31. Rc1 Rxc1 32. Kxc1 h4 33.
gxh4 gxh4 34. Nxa6 Bd3 35. Nb4 Bf1 36. Kd2 Bxg2 37. Ke2 Bh3 38. a4 Bf5 39. axb5
d3+ 40. Ke3 h3 41. Nxd3 Bxd3 0-1

[Event "Grand Slam Masters Final 2012"]
[Site "Bilbao ESP"]
[Date "2012.09.26"]
[Round "3"]
[White "Aronian, L."]
[Black "Vallejo Pons, F."]
[Result "1/2-1/2"]
[WhiteElo "2816"]
[BlackElo "2697"]
[PlyCount "66"]
[EventDate "2012.09.24"]

1. d4 d5 2. c4 e6 3. Nf3 Nf6 4. Nc3 dxc4 5. Bg5 Bb4 6. a3 Bxc3+ 7. bxc3 c5 8.
e3 cxd4 9. exd4 Qd5 10. Bxf6 gxf6 11. Nd2 Nc6 12. Rb1 Rg8 13. Qc2 f5 14. Nxc4
b6 15. Ne3 Qd6 16. Bb5 Kf8 17. Nc4 Qc7 18. f3 Ne7 19. Ne5 f6 20. Nd3 a6 21. Ba4
Nd5 22. c4 Ne3 23. Qd2 Nxc4 24. Qb4+ Kf7 25. Rc1 b5 26. Bb3 Rxg2 27. Bxc4 bxc4
28. Rxc4 Qb8 29. Kf1 Ra2 30. Rg1 Ra1+ 31. Kg2 Ra2+ 32. Kf1 Ra1+ 33. Kg2 Ra2+
1/2-1/2